000
00267nam a2200121Ia 4500
100
_a
Balagurusamy/E
942
_c
BK
654
_a
Progremming
245
_a
Progremming In Ansi C
260
_b
Tata McGraw Hill
_a
New Delhi
_c
1992
300
_a
411
546
_a
ENGLISH
999
_c
34696
_d
34696